000 nam a22 7a 4500
999 _c15502
_d15502
008 161101b xxu||||| |||| 00| 0 eng d
020 _a978111342104
020 _a111342105
050 _aLC 4019.2 .A45 2012
100 _aAllen, Eileen K.
245 _aThe exceptional Child/
_bInclusion in Early Childhood Education:
_cK.Eileen, Allen and Glynnis E.Cowdery
250 _a7th ed.
260 _aAustralia:
_bWdsworth Cengage Learning,
_c2012.
300 _av, 630 p. :
_bill . ;
500 _aIncludes references and index.
650 _aNiños
650 _aEducación
650 _aAdaptación escolar
700 _aCowdery, Glynnis E.
942 _2lcc
_cBOOKS
_hLC 4019.2 .A45 2012